[Event "Shanghai COITCT 2019"]
[Site "Shanghai"]
[Date "2019.09.16"]
[Round "4.11"]
[White "Kurbonboeva, Sarvinoz"]
[Black "Zhigalko, Sergei"]
[Result "0-1"]
[WhiteElo "2262"]
[BlackElo "2574"]
[Annotator "RC"]
[PlyCount "104"]
[EventDate "2019.09.15"]
[EventType "team-tourn"]
[EventCountry "CHN"]
[SourceTitle "playchess.com"]
[Source "ChessBase"]
[SourceQuality "1"]
[TimeControl "1500+10"]

1. d4 {[%emt 0:00:00]} Nf6 {[%emt 0:00:00]} 2. c4 {[%emt 0:00:00]} e6 {[%emt 0:00:00]} 3. Nc3 {[%emt 0:00:00]} Bb4 {[%emt 0:00:01]} 4. g3 {[%emt 0:00:00]} O-O {[%emt 0:01:08]} 5. Bg2 {[%emt 0:00:03]} d6 {[%emt 0:01:44]} 6. Qc2 {[%emt 0:02:22]} e5 {[%emt 0:00:57]} 7. d5 {[%emt 0:01:26]} c6 {[%emt 0:01:54]} 8. Bd2 {[%emt 0:04:27]} Bxc3 {[%emt 0:03:29]} 9. Bxc3 {[%emt 0:00:56]} cxd5 {[%emt 0:00:02]} 10. cxd5 {[%emt 0:00:02]} b6 {[%emt 0:00:08]} 11. e4 {[%emt 0:01:29]} Nbd7 {[%emt 0:00:28]} 12. Ne2 {[%emt 0:00:05]} Ba6 {[%emt 0:00:09]} 13. O-O {[%emt 0:00:13]} Rc8 {[%emt 0:01:17]} 14. Rad1 {[%emt 0:01:59]} Nc5 {[%emt 0:00:10]} 15. Rfe1 {[%emt 0:00:06]} Qd7 {[%emt 0:00:14]} 16. f4 {[%emt 0:01:19]} Na4 {[%emt 0:03:22]} 17. fxe5 {[%emt 0:00:02]} dxe5 {[%emt 0:00:07]} 18. Qd2 {[%emt 0:00:02]} Bxe2 {[%emt 0:00:07]} 19. Rxe2 {[%emt 0:00:01]} Nxc3 {[%emt 0:00:03]} 20. bxc3 {[%emt 0:00:00]} Ne8 {[%emt 0:01:54]} 21. Qg5 {[%emt 0:07:06]} Qd6 {[%emt 0:00:05]} 22. Rc1 {[%emt 0:00:37]} Rc4 {[%emt 0:00:14]} 23. Rec2 {[%emt 0:02:59]} Nf6 {[%emt 0:00:26]} 24. Qe3 {[%emt 0:00:49]} Rfc8 {[%emt 0:01:17]} 25. h3 {[%emt 0:01:05]} Qa3 {[%emt 0:00:27]} 26. Kh2 {[%emt 0:01:03]} Qc5 {[%emt 0:02:38]} 27. Qd3 {[%emt 0:00:19]} Ne8 {[%emt 0:00:13]} 28. Bf1 {[%emt 0:00:47]} Nd6 {[%emt 0:00:06]} 29. Bg2 {[%emt 0:00:16]} b5 {[%emt 0:00:24]} 30. h4 {[%emt 0:00:09]} Qa3 {[%emt 0:00:59]} 31. Qe3 {[%emt 0:00:15]} h6 {[%emt 0:00:22]} 32. Qf3 {[%emt 0:00:09]} Rxe4 {[%emt 0:01:11]} 33. Qh5 {[%emt 0:00:02]} Re3 {[%emt 0:00:12]} 34. Qg4 {[%emt 0:00:17]} Qc5 {[%emt 0:02:12]} 35. Qb4 {[%emt 0:00:08]} h5 {[%emt 0:00:56]} 36. a4 {[%emt 0:00:13]} a6 {[%emt 0:00:48]} 37. axb5 {[%emt 0:00:02]} axb5 {[%emt 0:00:02]} 38. Qxc5 {[%emt 0:00:18]} Rxc5 {[%emt 0:00:01]} 39. Bh3 {[%emt 0:00:13]} g6 {[%emt 0:00:27]} 40. g4 {[%emt 0:00:03]} hxg4 {[%emt 0:00:09]} 41. Bxg4 {[%emt 0:00:01]} Rxd5 {[%emt 0:00:06]} 42. h5 {[%emt 0:00:04]} gxh5 {[%emt 0:00:20]} 43. Bxh5 {[%emt 0:00:01]} Kf8 {[%emt 0:00:40]} 44. Bg4 {[%emt 0:00:26]} Rc5 {[%emt 0:00:13]} 45. Kg2 {[%emt 0:00:15]} Ke7 {[%emt 0:00:03]} 46. Bf3 {[%emt 0:00:07]} e4 {[%emt 0:00:08]} 47. Be2 {[%emt 0:00:08]} f5 {[%emt 0:00:32]} 48. Kf2 {[%emt 0:00:22]} f4 {[%emt 0:00:03]} 49. Bg4 {[%emt 0:00:11]} Rg3 {[%emt 0:00:07]} 50. Be2 {[%emt 0:00:09]} e3+ {[%emt 0:00:05]} 51. Kf1 {[%emt 0:00:04]} f3 {[%emt 0:00:05]} 52. Bd3 {[%emt 0:00:03]} Rh5 {[%emt 0:00:02]} 0-1

[Event "Shanghai COITCT 2019"]
[Site "Shanghai"]
[Date "2019.09.16"]
[Round "4.12"]
[White "Zarubitski, Viachaslau"]
[Black "Baymuratova, Sevara"]
[Result "1-0"]
[WhiteElo "2435"]
[BlackElo "2126"]
[Annotator "TA"]
[PlyCount "71"]
[EventDate "2019.09.15"]
[EventType "team-tourn"]
[EventCountry "CHN"]
[SourceTitle "playchess.com"]
[Source "ChessBase"]
[SourceQuality "1"]

{[%evp 15,71,0,29,0,0,0,4,-4,0,4,2,-35,-35,-40,-34,-29,0,0,83,83,65,67,69,68,98,49,122,110,150,55,105,80,153,156,154,109,102,100,128,128,128,119,120,119,258,231,377,244,354,314,461,445,376,287,274,217,992,881]} 1. e4 c5 2. Nf3 d6 3. d4 cxd4 4. Nxd4 Nf6 5. Nc3 a6 6. Be3 e5 7. Nb3 Be6 8. Qd2 Be7 9. f4 {B90: Sicilian Najdorf: Unusual White 6th moves, 6 Be3 Ng4 and 6 Be3 e5} b5 10. O-O-O Nbd7 11. Kb1 {The position is equal.} (11. f5 Bc4 12. g4 Nxg4 13. Rg1 Ndf6 14. Bg5 Bxf1 15. Rdxf1 b4 16. Nd5 Nxe4 17. Bxe7 Nxd2 18. Bxd8 Nxf1 19. Rxg4 Rxd8 {0-1 (54) Morozevich,A (2656)-Sakaev,K (2584) Kazan 2019}) 11... O-O 12. f5 Bc4 13. g4 Nxg4 14. Rg1 Nxe3 15. Qxe3 {[#] Hoping for Qh6.} Kh8 (15... Bxb3 $5 16. cxb3 Kh8 $11) 16. Nd2 $40 {[%mdl 128] Black needs to defend precisely.} b4 $146 (16... Bxf1 $11 {remains equal.} 17. Nxf1 (17. Rdxf1 Rc8 $15) 17... h6) ({Predecessor:} 16... Bxf1 17. Rdxf1 {0-1 (64) Bodnaruk,A (2397)-Ding,Y (2385) Ningbo 2010}) 17. Qg3 $16 {[%csl Gg1][%cal Rg3g7]} Bf6 {aiming for ...Bxf1.} 18. Nxc4 bxc3 19. Qxc3 Nc5 20. Qe3 ({Of course not} 20. Nxd6 Nxe4 21. Qc6 Nxd6 $11) 20... Nb7 (20... Qc7 $1 $14) 21. Be2 Rc8 {[#]} 22. Rd5 ({Better is} 22. Nb6 $1 $16 {[%cal Rb6c8]} Rb8 23. Nd5) 22... Rc5 23. Rxc5 dxc5 (23... Nxc5 $142 24. Rd1 Be7) 24. Rd1 Qc7 25. Rd5 Rd8 26. Qd2 Rxd5 27. Qxd5 g6 28. Bg4 Kg7 29. c3 Na5 (29... Kf8 $16 30. Kc2 Nd8) 30. Nd6 $18 Qd7 (30... Kf8 $142 31. Bd1 Nc6 32. fxg6 hxg6 33. Nxf7 Qxf7) 31. h3 {Black must now prevent fxg6.} (31. fxg6 Qxg4 32. Qxf7+ Kh6 $14) 31... g5 (31... Qe7 $142 32. Bd1 (32. Qxc5 Nb7 $14) 32... Bg5) 32. Bh5 Nc6 (32... Kf8 $142 33. Qxc5 Be7) 33. Bxf7 Ne7 34. Qe6 Qxe6 35. fxe6 {Ne8+ is the strong threat.} Nc6 $2 (35... Kf8 36. Nb7 c4) 36. Ne8+ {Accuracy: White = 51%, Black = 31%.} 1-0

[Event "Shanghai COITCT 2019"]
[Site "Shanghai"]
[Date "2019.09.16"]
[Round "4.13"]
[White "Idani, Pouya"]
[Black "Venkatesh, M.R."]
[Result "1/2-1/2"]
[WhiteElo "2586"]
[BlackElo "2481"]
[Annotator "TA"]
[PlyCount "107"]
[EventDate "2019.09.15"]
[EventType "team-tourn"]
[EventCountry "CHN"]
[SourceTitle "playchess.com"]
[Source "ChessBase"]
[SourceQuality "1"]

{[%evp 22,107,27,29,61,62,60,49,49,52,45,27,34,0,25,0,0,0,0,0,6,0,0,0,0,0,0,-32,0,0,8,8,11,13,39,0,0,0,87,94,81,104,202,210,185,164,164,164,164,164,185,135,161,165,167,128,180,130,171,92,84,0,0,-427,-427,-391,0,0,0,0,0,0,0,0,0,0,0,0,0,0,0,0,0,0,0,0,0,0]} 1. Nf3 Nf6 2. c4 e6 3. g3 b6 4. Bg2 Bb7 5. O-O Be7 6. b3 O-O 7. Bb2 c5 8. e3 d5 9. Nc3 Nc6 10. cxd5 exd5 11. d4 Rc8 12. Rc1 Ba6 {A14: English Opening: 1...e6 with b3 by White} (12... Qd7 13. dxc5 bxc5 14. Na4 c4 15. bxc4 dxc4 16. Bxf6 Qxd1 17. Rfxd1 Bxf6 18. Nd2 Ba6 19. Nc5 Bb5 20. Nxc4 {1-0 (29) Stocek,J (2556)-Pechac,J (2431) Slovakia 2017}) 13. Re1 c4 14. bxc4 Bxc4 {White is slightly better.} 15. Ne5 Na5 16. Nxc4 Nxc4 17. Ba1 (17. Qb3 $5 {[%cal Rc3d5]} b5 18. Ba1 $14 (18. Nxb5 $2 Rb8 $19)) 17... Qd7 $146 ({Predecessor:} 17... Ba3 18. Rb1 a6 19. Qd3 Qd7 20. e4 Nxe4 21. Nxe4 dxe4 22. Bxe4 {½-½ (41) Pribyl,J (2281)-Vrana,J (2331) Czech Republic 2016}) 18. a4 Bb4 19. Qb3 Bxc3 20. Bxc3 Rc6 21. Rc2 Rfc8 22. Rec1 h5 23. Be1 Qf5 24. Qa2 Ne4 (24... h4 $5) 25. h4 Nf6 26. f3 Qe6 27. Bf2 a6 {[#]} 28. e4 $1 {[%mdl 512] Strongly threatening exd5.} b5 $1 (28... dxe4 29. fxe4) 29. e5 Nd7 (29... Ne8 $1 $11) 30. axb5 $16 axb5 31. f4 f5 (31... Ndb6 $16) 32. Qb3 $18 Rb8 33. Qf3 Ndb6 34. Be1 Qf7 35. Bb4 Rd8 36. Bd6 Rcxd6 37. exd6 Rxd6 38. Re1 Kh7 (38... Nd7 $16 {was worth a try.}) 39. Rce2 Qg6 40. Kh2 (40. Qd3 $18) 40... Nd7 $16 41. Qb3 (41. Rb1 $16) 41... Nf6 $11 42. Qxb5 $2 {[%mdl 8192]} (42. Ra1 $11) 42... Rb6 $1 $19 {[%cal Rb6b5]} 43. Qa4 {[#] Bxd5 is the strong threat.} Ne4 $2 (43... Ra6 $1 $19 {[%cal Ra6a4][%mdl 512]} 44. Qc2 (44. Qb3 $2 Ra3 $19) (44. Qxa6 Ng4+) 44... Ra3) 44. Bxe4 {The position is equal.} fxe4 45. Qd7 Rb3 46. Rg1 Ne3 47. Rxe3 {[%mdl 64] Remove Defender} Rxe3 48. Qxd5 $11 {[%mdl 4096] Endgame KQR-KQR} Qg4 49. Rg2 Re2 50. Rxe2 Qxe2+ 51. Kh3 Qf1+ 52. Kh2 Qe2+ 53. Kh3 $1 Qf1+ 54. Kh2 {Accuracy: White = 59%, Black = 64%.} 1/2-1/2

[Event "Shanghai COITCT 2019"]
[Site "Shanghai"]
[Date "2019.09.16"]
[Round "4.14"]
[White "Krishna C R G"]
[Black "Darini, Pouria"]
[Result "0-1"]
[WhiteElo "2446"]
[BlackElo "2428"]
[Annotator "TA"]
[PlyCount "86"]
[EventDate "2019.09.15"]
[EventType "team-tourn"]
[EventCountry "CHN"]
[SourceTitle "playchess.com"]
[Source "ChessBase"]
[SourceQuality "1"]

{[%evp 10,86,23,18,39,23,33,10,9,12,25,0,0,0,0,-15,0,18,18,0,8,0,0,-13,0,-55,-8,-128,-131,-131,-122,-133,-127,-131,-120,-126,-129,-129,-125,-132,-122,-128,-124,-124,-111,-136,-107,-117,-122,-125,-133,-131,-116,-133,-132,-204,-187,-210,-195,-231,-227,-238,-237,-235,-250,-244,-234,-314,-304,-355,-354,-366,-354,-366,-365,-398,-362,-376,-367]} 1. d4 Nf6 2. Nf3 g6 3. c4 Bg7 4. e3 O-O 5. Be2 d6 6. O-O Nc6 {E60: King's Indian: Unusual lines and Fianchetto Variation without Nc3} (6... Nbd7 7. Nc3 e5 8. Qc2 c6 9. b3 Re8 10. Ba3 exd4 11. Nxd4 Nc5 12. Rad1 Qe7 13. b4 Nce4 14. Bb2 Nxc3 15. Qxc3 d5 16. Nb3 Nh5 17. Nd4 Nf6 18. a3 {½-½ (32) Mamedyarov,S (2817)-Nepomniachtchi,I (2763) Wijk aan Zee 2019}) 7. d5 Nb4 {[%cal Bc6b4,Bb4a6,Ba6c5,Bc5d7,Bd7b6][%mdl 32]} 8. a3 Na6 {The position is equal.} 9. Ra2 $146 ({Predecessor:} 9. b4 Nxd5 10. Ra2 Nb6 11. Rd2 c5 12. b5 {0-1 (28) Lovaas,R (1813)-Weggen,R (1642) Chessfriend.com 2004}) 9... c6 10. Nc3 cxd5 11. cxd5 Nc5 12. b4 Nfe4 13. Nb1 Nd7 14. Nd4 a5 15. Qc2 Nef6 16. Nc3 Nb6 17. Bf3 ({Better is} 17. Bd2 $11) 17... Bg4 18. Rd1 (18. Bxg4 $1 $11 Nxg4 19. bxa5 Rxa5 20. Qb3) 18... Bxf3 $17 19. Nxf3 Rc8 {...Nfxd5 is the strong threat.} 20. Qb3 axb4 21. axb4 {[#]} Rxc3 $1 {[%mdl 576] Remove Defender} 22. Qxc3 {aiming for Qb3.} Nfxd5 {[%mdl 64] Discovered Attack} 23. Qb3 Nc3 {[%mdl 64] Double Attack} 24. Bb2 Nxa2 25. Bxg7 Kxg7 26. Qxa2 Qc7 27. Qb2+ Kg8 28. h4 Rc8 29. Qd4 h5 30. Ng5 Qc2 31. Rf1 Qc6 32. Qf4 (32. b5 $17 Qxb5 33. Qf4) 32... Qc4 $19 33. Qf3 Rc7 34. Rd1 Nd7 35. Ra1 Ne5 36. Qf4 Qxf4 37. exf4 {[%mdl 4096] Endgame KRN-KRN} Nd3 38. b5 Nxf4 39. Ra7 Nd5 {Black is winning.} 40. Nf3 b6 41. Ra8+ Kg7 42. Nd4 Rc1+ 43. Kh2 Rc4 {Accuracy: White = 36%, Black = 85%.} 0-1

[Event "Shanghai COITCT 2019"]
[Site "Shanghai"]
[Date "2019.09.16"]
[Round "4.15"]
[White "Gholami, Aryan"]
[Black "Kulkarni Bhakti"]
[Result "1-0"]
[WhiteElo "2542"]
[BlackElo "2429"]
[Annotator "TA"]
[PlyCount "113"]
[EventDate "2019.09.15"]
[EventType "team-tourn"]
[EventCountry "CHN"]
[SourceTitle "playchess.com"]
[Source "ChessBase"]
[SourceQuality "1"]

{[%evp 20,113,16,0,0,0,0,0,0,0,0,0,28,28,65,62,60,62,171,88,183,193,268,268,262,255,237,229,253,261,266,262,316,296,291,284,296,292,352,352,459,434,770,766,800,739,739,739,811,540,590,526,461,371,353,347,362,324,339,335,339,301,339,338,363,349,381,369,401,381,381,381,523,535,521,520,610,529,833,781,856,783,1321,1416,1356,1279,1084,1097,1904,1631,29969,29968,29980,29981,29981,29982]} 1. Nf3 d5 2. g3 Nf6 3. Bg2 e6 4. O-O Be7 5. c4 O-O 6. b3 b6 7. Bb2 Bb7 8. e3 c5 9. Qe2 Nc6 10. d4 cxd4 11. exd4 dxc4 {A14: English Opening: 1...e6 with b3 by White} 12. bxc4 Rc8 13. Rd1 (13. Nbd2 Re8 14. Rac1 Bf8 15. Rfd1 Nb8 16. Nf1 Nbd7 17. Ne3 g6 18. Ne5 Bxg2 19. Kxg2 {½-½ (38) Klekowski,M (2471)-Mirzoev,A (2541) Konya 2017}) 13... Na5 {The position is equal.} 14. Nbd2 Bb4 $146 ({Predecessor:} 14... Rc7 15. Rac1 Qa8 {½-½ (15) Wriggles,D-Deeves,K Australia 1987}) 15. Rac1 Qe7 16. Nb3 Rc7 17. Nxa5 Bxa5 {[#]} 18. d5 $1 {[%mdl 512] Hoping for d6.} Rd7 (18... Bb4 $14) (18... exd5 19. Qxe7) 19. Nd4 ({Better is} 19. Ne5 $18 exd5 20. cxd5) 19... Re8 (19... Bb4 $16) 20. Nc6 $18 Qf8 (20... Bxc6 {was necessary.} 21. dxc6 Rxd1+ 22. Rxd1 Rd8) 21. Bxf6 gxf6 22. Nxa5 bxa5 23. Qb2 exd5 24. Qxf6 (24. cxd5 $6 Qd6 $16) 24... Rd6 25. Qd4 Red8 26. Qxa7 ({Weaker is} 26. Bxd5 Bxd5 27. cxd5 Rxd5 $16) 26... Bc6 27. c5 ({Much less strong is} 27. Qxa5 dxc4 28. Qg5+ Kh8 $18) 27... Re6 28. Qxa5 Re2 29. Bf3 Ra8 30. Qc3 Rexa2 (30... Re6 $142 31. Bxd5 Rg6 32. Bxc6 Rxc6) 31. Bxd5 R2a6 32. Bc4 R6a7 33. Qf6 Be4 34. Rd4 Bg6 35. c6 Qe7 36. Qxe7 Rxe7 37. Bd5 Rc7 38. Re1 Kf8 39. Bf3 Rac8 40. Rd6 Bc2 41. h4 Ba4 42. Rc1 Bb5 43. Rc5 Ba4 44. Rd4 Bb3 45. Rh5 f6 46. Rb5 Be6 47. g4 Kg7 48. Kg2 Ra8 49. Rb7 Rac8 50. Rdb4 Kf8 51. Rxc7 Rxc7 {[%mdl 4096] Endgame KRB-KRB} 52. Rb7 Re7 53. g5 fxg5 54. hxg5 Bf5 55. Kg3 {White mates.} Ke8 56. Rxe7+ Kxe7 57. Bg4 {Accuracy: White = 83%, Black = 29%.} 1-0

[Event "Shanghai COITCT 2019"]
[Site "Shanghai"]
[Date "2019.09.16"]
[Round "5.1"]
[White "Venkatesh, M.R."]
[Black "Karimov, Alisher"]
[Result "1-0"]
[WhiteElo "2481"]
[BlackElo "2251"]
[Annotator "TA"]
[PlyCount "91"]
[EventDate "2019.09.15"]
[EventType "team-tourn"]
[EventCountry "CHN"]
[SourceTitle "playchess.com"]
[Source "ChessBase"]
[SourceQuality "1"]

{[%evp 9,91,-8,19,20,20,21,24,23,31,26,37,20,35,32,38,32,62,23,79,78,64,71,70,74,187,170,156,125,127,125,131,127,122,-25,-27,-27,-6,-51,-54,-52,387,0,0,0,0,-10,0,0,645,611,1528,1463,1150,1108,2399,2484,29988,29989,29989,1177,1134,1044,1257,1141,1956,1997,3975,3643,3510,3036,3874,3548,29982,29980,29989,29984,29984,29985,29985,29986,29987,29988,29988,29989]} 1. Nf3 Nf6 2. g3 b6 3. Bg2 Bb7 4. d3 d5 5. Nbd2 g6 6. O-O {A05: Réti Opening: 1 Nf3 Nf6} Bg7 7. e4 dxe4 8. dxe4 {White has an edge.} O-O 9. e5 Ne4 (9... Nd5 10. Re1 c5 11. e6 f5 12. Ng5 Qc7 13. Nc4 Nb4 14. Bf4 Qc8 15. c3 Bxg2 16. Kxg2 {1-0 (47) Amin,B (2710)-Khanin,S (2514) St Petersburg 2018}) 10. Qe2 Nxd2 11. Bxd2 Qc8 $146 ({Predecessor:} 11... e6 12. Rad1 Nd7 13. Bf4 Qe7 14. Rd4 Bxf3 15. Bxf3 Rad8 16. Qe3 {1-0 (53) Magalashvili,D (2480)-Secer,A (2320) Izmir 2008}) 12. Rfe1 $36 {[%mdl 2048] White has good play.} a5 13. Bc3 Na6 (13... e6 $11 {remains equal.}) 14. e6 $16 {Hoping for Bxg7.} f6 15. h4 Nc5 {[#]} 16. h5 $1 {[%mdl 512]} Ne4 (16... Qe8 $16) (16... gxh5 17. Nh4) 17. hxg6 hxg6 18. Nh4 Nxc3 19. bxc3 {aiming for Bxb7.} Bxg2 20. Kxg2 Qe8 21. Qg4 (21. Rad1 $16) 21... f5 $1 $11 {[%cal Rf5g4]} 22. Qf3 Bf6 23. Rh1 {Nxf5! is the strong threat.} Kg7 $1 24. Rad1 Ra7 $2 {[%mdl 8192]} (24... a4 $15 {keeps the upper hand.}) 25. c4 $2 (25. Qf4 $18 {White wants to mate with Nxf5+!} Rh8 26. Nf3) 25... Rh8 26. Rd7 a4 27. Rhd1 Qa8 28. R1d5 {And now Nxg6! would win.} Qc6 $2 {[%mdl 8192] [#]} (28... c6 $11 29. Rxa7 Qxa7 30. Nxg6 cxd5 31. Nxh8 Kxh8 32. cxd5 Qc7) 29. Nxg6 $1 $18 {[%mdl 512]} Kxg6 30. Qxf5+ Kg7 31. Qg4+ Kh7 32. f3 {[%cal Rd5h5]} Ra5 33. Rxa5 bxa5 34. Rd5 (34. Rd1 $142 Bh4 {[#]} 35. Rh1 $1 {[%mdl 576] Pin} Qxe6 36. Qxe6 Kg7 37. gxh4 Rg8 38. h5 a3 39. h6+ Kf8+ 40. Kf2) 34... Qxd5 35. cxd5 {[%mdl 4096] Endgame KQ-KRB} Rb8 36. Qxa4 Rb2 37. f4 Kg7 38. Kf3 Rb1 39. Qxa5 Rd1 40. g4 Rf1+ 41. Ke4 {White mates.} Kg6 42. g5 Bg7 43. Qxc7 Re1+ 44. Kf3 Bd4 45. Qxe7 {[%csl Ge6][%cal Re7f7]} Rf1+ 46. Ke4 {Accuracy: White = 60%, Black = 38%.} 1-0

[Event "Shanghai COITCT 2019"]
[Site "Shanghai"]
[Date "2019.09.16"]
[Round "5.2"]
[White "Kabilov, Amin"]
[Black "Krishna C R G"]
[Result "1/2-1/2"]
[WhiteElo "2199"]
[BlackElo "2446"]
[Annotator "TA"]
[PlyCount "99"]
[EventDate "2019.09.15"]
[EventType "team-tourn"]
[EventCountry "CHN"]
[SourceTitle "playchess.com"]
[Source "ChessBase"]
[SourceQuality "1"]

{[%evp 14,99,83,35,80,68,71,76,103,98,99,48,50,46,52,43,71,24,25,26,30,20,22,0,15,-15,28,-9,-6,-16,-8,-17,-6,-14,6,0,0,0,15,0,0,-35,-14,-58,-40,-34,-59,-47,0,0,0,0,0,0,0,0,0,0,0,0,0,0,0,0,0,0,13,0,0,0,0,0,0,0,0,0,0,0,0,0,0,0,0,0,0,0,0,0]} 1. d4 Nf6 2. c4 d6 3. Nc3 Nbd7 4. Nf3 e5 5. e4 Be7 6. Be2 O-O 7. O-O c6 8. d5 c5 {A55: Old Indian Defence with Nf3 and e4} (8... Nc5 9. Nd2 a5 10. b3 Bd7 11. a4 Ne8 12. Ba3 Nc7 13. Bxc5 dxc5 14. Nf3 Bf6 15. Qd2 Na6 16. Rad1 Ra7 {½-½ (59) Hammer,J (2608)-Topalov,V (2793) Stavanger 2013}) 9. g3 Ne8 10. Ne1 g6 {White is better.} 11. Bh6 Ng7 12. Ng2 $146 (12. Qd2 $16) ({Predecessor:} 12. f4 exf4 13. gxf4 f5 14. exf5 Rxf5 15. Bg4 Nf6 16. Be2 {½-½ (32) Ulybin,M (2527)-Erushev,G (2396) Khanty-Mansiysk 2007}) 12... Bg5 $14 13. Bxg5 Qxg5 14. Qc1 Qe7 15. Qh6 f5 16. f3 Nf6 17. Rae1 Bd7 18. Bd3 Rae8 19. Qd2 Qd8 20. f4 fxe4 21. Nxe4 Nxe4 22. Bxe4 Bh3 23. Rf2 Bf5 24. fxe5 Rxe5 25. Bxf5 Nxf5 26. Nf4 {[#] Hoping for Rxe5.} Nd4 27. Kg2 Qe7 (27... Rxe1 {keeps more tension.} 28. Qxe1 Re8 29. Qd2 Qe7 30. Qd3 Qe1) 28. Ne6 (28. Rxe5 {seems wilder.} Qxe5 29. Qd3 b5 30. b3 b4 31. Ne2) 28... Nxe6 29. Rxe5 dxe5 30. dxe6 Qxe6 {Strongly threatening ...Rxf2+.} 31. Rxf8+ {The position is equal.} Kxf8 $15 {[%mdl 4096] Endgame KQ-KQ} 32. Qf2+ {[%mdl 64] [#] Double Attack} Kg7 33. Qxc5 a6 34. Qd5 (34. b3 {is more complex.} Qf5 35. Qd5 Kh6 36. Qxb7 Qc2+ 37. Kh3) 34... Qxd5+ $1 35. cxd5 $11 {KP-KP} e4 $1 {next ...Kf6 is good for Black.} 36. Kf2 {Black must now prevent Ke3.} Kf6 {With the idea ...Ke5.} 37. Ke3 Ke5 38. d6 $1 {[%cal Rd6d7]} Kxd6 39. Kxe4 Ke6 40. h3 Kd6 41. Kd4 b6 42. a3 Ke6 43. b3 Kd6 44. a4 Kc6 45. b4 Kd6 46. Ke4 Ke6 47. Kd4 h6 48. Ke4 Kd6 49. Kd4 Ke6 50. Ke4 {Accuracy: White = 35%, Black = 68%.} 1/2-1/2

[Event "Shanghai COITCT 2019"]
[Site "Shanghai"]
[Date "2019.09.16"]
[Round "5.3"]
[White "Kulkarni Bhakti"]
[Black "Antonova, Nadezhda"]
[Result "1-0"]
[WhiteElo "2429"]
[BlackElo "1930"]
[Annotator "TA"]
[PlyCount "55"]
[EventDate "2019.09.15"]
[EventType "team-tourn"]
[EventCountry "CHN"]
[SourceTitle "playchess.com"]
[Source "ChessBase"]
[SourceQuality "1"]

{[%evp 20,55,14,8,11,-15,19,-37,-2,-27,-23,-8,8,0,0,0,0,0,0,0,0,0,0,0,20,27,136,118,108,106,102,89,91,91,130,139,236,227]} 1. d4 Nf6 2. Nf3 e6 3. e3 b6 4. Bd3 Bb7 5. O-O c5 6. c4 d5 7. Nc3 cxd4 8. exd4 Be7 9. cxd5 Nxd5 10. Bb5+ Bc6 11. Bc4 O-O {E14: Queen's Indian: Classical Variation (4 e3)} 12. a3 $146 ({Predecessor:} 12. Ne5 Bb7 13. Qg4 Nc6 14. Nxd5 exd5 15. Bd3 Nxe5 16. dxe5 Qc8 17. Bf5 Qc4 18. Rd1 Qxg4 19. Bxg4 {1-0 (53) Jussupow,A (2569)-Womacka,M (2455) Caleta 2012}) 12... Nd7 13. Qd3 ({Better is} 13. Bxd5 $11 exd5 14. Re1) 13... N7f6 {Black is slightly better.} 14. Ne5 Bb7 15. Re1 a6 16. Ba2 b5 17. Bb1 Rc8 18. Ne4 Nxe4 19. Qxe4 {[%csl Gb1][%cal Re4h7] [#]} f5 20. Qf3 Qc7 {aiming for ...Qxc1.} 21. Ba2 Bd6 22. Bg5 Be7 (22... h6 $11 {remains equal.} 23. Rac1 Qa5) 23. Rac1 Qd6 24. Bxe7 Qxe7 25. Nd3 {[#] Rxc8 is the strong threat.} Rxc1 26. Nxc1 {Hoping for Bxd5.} Qg5 27. Nd3 Qd2 (27... Re8 $16) 28. Rxe6 {Accuracy: White = 48%, Black = 35%.} 1-0